000 00848nam a2200241 i 4500
005 20260409160131.0
008 260409s2025 my a gr 000 f may d
020 _a9786297553412
_cRM35.00
_qpaperback
040 _aPPAK
_beng
_cPPAK
_erda
082 0 4 _223
_a899.2333
090 0 0 _a899.2333
_bEVA
_dG
100 0 _aEvaine Nur,
_eauthor.
245 1 0 _aKASIH YANG HILANG /
_cEVAINE NUR ; Editor: Unit Editorial Love Novel Publishing
264 1 _aPandan Indah, Kuala Lumpur :
_bLOVE NOVEL PUBLISHING,
_c2025
300 _a452 pages :
_billustrations ;
_c19 cm
336 _atext
_2rdacontent
337 _aunmediated
_2rdamedia
338 _avolume
_2rdacarrier
650 1 0 _aMalay fiction
650 2 4 _aMalaysian fiction (Malay)
710 2 _aUnit Editorial Love Novel Publishing,
_eeditor.
942 _2ddc
_cB
999 _c203787
_d203787